| 000 | 00552nam a2200169 a 4500 | ||
|---|---|---|---|
| 001 | 000045041 | ||
| 005 | 20201002045828.0 | ||
| 008 | 150129s2003 dr 000 0 spa d | ||
| 040 |
_aDO-SdBNP _bspa _cBNPHU |
||
| 082 |
_axxxx _bxxxx |
||
| 110 | 1 |
_aRepública Dominicana. _9447 |
|
| 240 | 1 | 2 | _a[Leyes, etc.] |
| 245 | 1 | 0 |
_aCompendio de legislación para contadores de la República Dominicana / _c[revisada por Sergio A. Ortiz V.]. |
| 260 |
_aSanto Domingo : _bTavárez, _c2003. |
||
| 300 |
_a76 p. ; _c21 cm. |
||
| 700 | 1 |
_aOrtiz V., Sergio A. _erev. _973038 |
|
| 999 |
_c44530 _d44530 |
||